Учебное пособие по развитию навыков устной и письменной речи (Запись № 221183)
[ простой вид ]
| 000 -МАРКЕР | |
|---|---|
| контрольное поле | 01982nam1a2200349 i 4500 |
| 001 - ИДЕНТИФИКАТОР ЗАПИСИ | |
| контрольное поле | RU\NLR\bibl\346978 |
| 005 - ИДЕНТИФИКАТОР ВЕРСИИ | |
| контрольное поле | 20260406024842.0 |
| 035 ## - ДРУГИЕ СИСТЕМНЫЕ НОМЕРА | |
| Идентификатор записи | (NLR Aleph) 000341791 |
| 100 ## - ДАННЫЕ ОБЩЕЙ ОБРАБОТКИ | |
| Данные общей обработки | 20021211g20029999u y0rusy50 ca |
| 101 0# - ЯЗЫК РЕСУРСА | |
| Язык текста, звукозаписи и т.д. | русский |
| -- | английский |
| 102 ## - СТРАНА ПУБЛИКАЦИИ ИЛИ ПРОИЗВОДСТВА | |
| Страна публикации | Российская Федерация |
| 105 ## - ПОЛЕ КОДИРОВАННЫХ ДАННЫХ: ТЕКСТОВЫЕ МАТЕРИАЛЫ, МОНОГРАФИЧЕСКИЕ | |
| Кодированные данные о монографическом текстовом документе | y ||||||||| |
| 200 1# - ЗАГЛАВИЕ И СВЕДЕНИЯ ОБ ОТВЕТСТВЕННОСТИ | |
| Основное заглавие | Учебное пособие по развитию навыков устной и письменной речи |
| Сведения, относящиеся к заглавию | (Англ. яз.) |
| -- | Для студентов учеб. заведений основного высш. и доп. образования |
| Первые сведения об ответственности | А.М. Митина, А.В. Олянич, О.В. Топоркова |
| Последующие сведения об ответственности | Под ред. А.М. Митиной |
| -- | М-во образования Рос. Федерации, Волгогр. гос. техн. ун-т. Каф. иностр. яз. Центр иностр. яз. |
| 210 ## - ПУБЛИКАЦИЯ, РАСПРОСТРАНЕНИЕ И ДР. | |
| Место издания, распространения и т.д. | Волгоград |
| Имя издателя, распространителя и т. д. | Политехник |
| Дата издания, распространения и т.д. | 2002 |
| 215 ## - ФИЗИЧЕСКАЯ ХАРАКТЕРИСТИКА | |
| Специфическое обозначение материала и объем | 104 с. |
| Размеры | 20 |
| 225 1# - СЕРИЯ | |
| Основное заглавие серии | Foreign language center English series |
| 300 ## - ОБЩИЕ ПРИМЕЧАНИЯ | |
| Текст примечания | Загл. обл.: Challenges: English speech practice course book / By A.M. Mitina, A.V. Olyanitch, O.V. Toporkova |
| 463 #0 - УРОВЕНЬ ФИЗИЧЕСКОЙ ЕДИНИЦЫ | |
| Встроенное поле | 001339005 |
| 512 1# - ЗАГЛАВИЕ ОБЛОЖКИ | |
| Связь между полями | z01790 |
| Заглавие обложки | Challenges |
| Сведения, относящиеся к заглавию | English speech practice course book |
| 606 0# - НАИМЕНОВАНИЕ ТЕМЫ КАК ПРЕДМЕТ | |
| Наименование темы | Английский язык |
| Формальный подзаголовок | Учебные издания для высших учебных заведений |
| Системный номер авторитетной/нормативной записи | 972309 |
| Идентификатор авторитетной/нормативной записи | RU\NLR\auth\6646032 |
| 686 ## - ИНДЕКСЫ ДРУГИХ КЛАССИФИКАЦИЙ | |
| Индекс | Ш143.21-93рус3-6 |
| 700 #1 - ИМЯ ЛИЦА - ПЕРВИЧНАЯ ОТВЕТСТВЕННОСТЬ | |
| Код отношения | Автор |
| Графика поля | Кириллица |
| Материалы, к которым относится поле | rus |
| Начальный элемент ввода | Митина |
| Часть имени, кроме начального элемента ввода | А. М. |
| Расширение инициалов личного имени | Анна Мееровна |
| Системный номер авторитетной/нормативной записи | 109366 |
| Идентификатор авторитетной/нормативной записи | RU\NLR\AUTH\77126442 |
| 701 #1 - ИМЯ ЛИЦА - АЛЬТЕРНАТИВНАЯ ОТВЕТСТВЕННОСТЬ | |
| Код отношения | Автор |
| Графика поля | Кириллица |
| Материалы, к которым относится поле | rus |
| Начальный элемент ввода | Олянич |
| Часть имени, кроме начального элемента ввода | А. В. |
| Даты | 1957- |
| Расширение инициалов личного имени | Андрей Владимирович |
| Системный номер авторитетной/нормативной записи | 108119 |
| Идентификатор авторитетной/нормативной записи | RU\NLR\auth\77125194 |
| 701 #1 - ИМЯ ЛИЦА - АЛЬТЕРНАТИВНАЯ ОТВЕТСТВЕННОСТЬ | |
| Начальный элемент ввода | Топоркова |
| Часть имени, кроме начального элемента ввода | О. В. |
| Расширение инициалов личного имени | Ольга Викторовна |
| Код отношения | Автор |
| 790 #1 - ИМЯ ЛИЦА - АЛЬТЕРНАТИВНАЯ ФОРМА | |
| Код отношения | Автор |
| Графика поля | Латинская |
| Материалы, к которым относится поле | rus |
| Начальный элемент ввода | Mitina |
| Часть имени, кроме начального элемента ввода | A. M. |
| Расширение инициалов личного имени | Anna Meerovna |
| Системный номер авторитетной/нормативной записи | 2641668 |
| Идентификатор авторитетной/нормативной записи | RU\NLR\AUTH\770273495 |
| 801 #0 - ИСТОЧНИК ЗАПИСИ | |
| Страна | Российская Федерация |
| Организация | NLR |
| Дата составления | 20021211 |
| Правила каталогизации | PSBO |
| 801 #1 - ИСТОЧНИК ЗАПИСИ | |
| Страна | Российская Федерация |
| Организация | NLR |
| Дата составления | 20021211 |
| 852 ## - МЕСТОНАХОЖДЕНИЕ И ШИФР ХРАНЕНИЯ | |
| Идентификатор организации | NLR |
| Шифр хранения (Call Number) | 2002-3/29026 |
| 942 ## - ДОПОЛНИТЕЛЬНЫЕ ЭЛЕМЕНТЫ ЗАПИСИ (АБИС) | |
| Тип экземпляра АБИС | Книга |
Нет доступных экземпляров.